Figli condivisi /

में बचाया:
ग्रंथसूची विवरण
मुख्य लेखकों: Bernardini De Pace, Annamaria (लेखक), Simeone, Alessandro, (1972- ) (लेखक)
स्वरूप: पुस्तक
भाषा:इतालवी
प्रकाशित: Milano : Sperling & Kupfer, [2006]
श्रृंखला:Le grandi guide
विषय:
टैग: टैग जोड़ें
कोई टैग नहीं, इस रिकॉर्ड को टैग करने वाले पहले व्यक्ति बनें!

MARC

LEADER 00000nam a2200000 i 4500
001 IT\ICCU\PAR\0938951
003 ItRI
005 20260115231903.0
008 060615s2006 it |||||| ||||| |||||c
015 |2 IT  |a 2007-2880 
020 |a 8820041421 
040 |b ita  |c importazione bologna sebina 
041 7 |a ita  |2 ISO-639-2 
082 |a 346.45017  |9 FILIAZIONE. ITALIA  |2 21 
100 1 |a Bernardini De Pace, Annamaria  |0 IT\ICCU\REAV\094783  |4 aut 
245 1 0 |a Figli condivisi /  |c Annamaria Bernardini De Pace, Alessandro Simeone. 
260 |a Milano :  |b Sperling & Kupfer,  |c [2006] 
300 |a XVI, 174 p. ;  |c 21 cm 
500 |a La parola condivisi nel titolo sul front. ha una x di cancellazione sul con. 
650 7 |a Affidamento condiviso 
700 1 |a Simeone, Alessandro,  |d  (1972- )  |0 IT\ICCU\CFIV\236255  |4 aut 
830 3 |a Le grandi guide  |0 IT\ICCU\REA\0035565 
942 |2 ddc  |c BK  |n 0 
952 |0 0  |1 0  |4 0  |6 DOC_362_733000000000000_BER  |7 0  |9 15383  |a BO  |b BO  |d 2026-01-15  |i 12785  |l 0  |o DOC 362.733 BER  |p BO12785  |r 2026-01-15 23:19:03  |w 2026-01-15  |x [Sebina 5] [1 v.]  |y BK  |z 1 v. 
999 |c 13245  |d 13245